000 00431nam a22001697a 4500
005 20160618121721.0
008 160618b xxu||||| |||| 00| 0 eng d
020 _a81-219-0589-3
041 _aeng
082 _b8114
100 _aKapoor, A.N.
_9752
245 _aBusiness Correspondance and Communication skills
260 _aNew Delhi
_bSultan Chand & Sons,
_c2000
300 _a251
650 _aManagement
_9241
942 _cBK
999 _c3081
_d3080